Taylor Swift mystery lyrics #77 - Statistics

General Stats
  • This quiz has been taken 82 times
  • The average score is 176 of 272
Answer Stats
Answer % Correct
a
98%
I
98%
the
98%
The
98%
you
98%
You
98%
and
94%
And
94%
be
94%
me
94%
We
94%
on
92%
it
90%
in
89%
my
89%
to
87%
When
87%
when
87%
your
86%
is
84%
love
83%
that
83%
you're
83%
so
81%
then
81%
way
81%
like
79%
I'm
78%
We're
78%
too
76%
but
75%
But
75%
Say
75%
say
75%
for
71%
can
70%
ever
68%
hear
68%
I'll
68%
with
67%
all
63%
can't
63%
up
63%
Don't
62%
Every
60%
every
60%
I've
60%
never
59%
should
59%
could
57%
have
57%
time
57%
been
54%
oh
54%
wanna
54%
fall
51%
had
51%
into
51%
our
51%
wanted
51%
baby
48%
Baby
48%
Come
48%
come
48%
everything
48%
jump
48%
Jump
48%
smile
48%
think
48%
'Cause
46%
from
46%
gonna
46%
out
46%
hair
43%
leave
43%
together
43%
didn't
41%
face
41%
here
41%
night
41%
through
41%
without
38%
afraid
37%
got
37%
over
37%
Well
37%
yeah
37%
mad
35%
mornin'
35%
talk
35%
best
33%
falls
32%
phone
32%
things
32%
feelin'
30%
heard
30%
laugh
30%
shine
30%
sound
30%
stay
30%
Take
29%
hold
27%
under
27%
cry
25%
warnin'
25%
catch
24%
each
24%
freckle
24%
show
22%
breath
21%
honey
21%
keep
21%
watch
21%
Woah
21%
closer
19%
realize
19%
until
19%
words
19%
deep
17%
feet
17%
focus
17%
knees
17%
notice
17%
people
16%
wrapped
16%
bring
13%
keys
10%
drop
8%
I'ma
6%
bottom's
3%
No matching quizzes found
Score Distribution
Percent of People with Each Score
Percentile by Number Answered
Your Score History
You have not taken this quiz